<?xml version="1.0" encoding="UTF-8"?><?xml-stylesheet type="text/xsl" href="static/style.xsl"?><OAI-PMH xmlns="http://www.openarchives.org/OAI/2.0/" xmlns:xsi="http://www.w3.org/2001/XMLSchema-instance" xsi:schemaLocation="http://www.openarchives.org/OAI/2.0/ http://www.openarchives.org/OAI/2.0/OAI-PMH.xsd"><responseDate>2026-05-11T22:51:57Z</responseDate><request verb="GetRecord" identifier="oai:riubu.ubu.es:10259/9188" metadataPrefix="marc">https://riubu.ubu.es/oai/request</request><GetRecord><record><header><identifier>oai:riubu.ubu.es:10259/9188</identifier><datestamp>2024-05-28T00:05:21Z</datestamp><setSpec>com_10259_4244</setSpec><setSpec>com_10259_5086</setSpec><setSpec>com_10259_2604</setSpec><setSpec>col_10259_4569</setSpec></header><metadata><record xmlns="http://www.loc.gov/MARC21/slim" xmlns:doc="http://www.lyncode.com/xoai" xmlns:xsi="http://www.w3.org/2001/XMLSchema-instance" xmlns:dcterms="http://purl.org/dc/terms/" xsi:schemaLocation="http://www.loc.gov/MARC21/slim http://www.loc.gov/standards/marcxml/schema/MARC21slim.xsd">
<leader>00925njm 22002777a 4500</leader>
<datafield tag="042" ind1=" " ind2=" ">
<subfield code="a">dc</subfield>
</datafield>
<datafield tag="720" ind1=" " ind2=" ">
<subfield code="a">Trigueros Andrés, Ester</subfield>
<subfield code="e">author</subfield>
</datafield>
<datafield tag="720" ind1=" " ind2=" ">
<subfield code="a">Benito Román, Oscar</subfield>
<subfield code="e">author</subfield>
</datafield>
<datafield tag="720" ind1=" " ind2=" ">
<subfield code="a">Oliveira, Andreia P.</subfield>
<subfield code="e">author</subfield>
</datafield>
<datafield tag="720" ind1=" " ind2=" ">
<subfield code="a">Videira, Romeu A.</subfield>
<subfield code="e">author</subfield>
</datafield>
<datafield tag="720" ind1=" " ind2=" ">
<subfield code="a">Andrade, Paula B.</subfield>
<subfield code="e">author</subfield>
</datafield>
<datafield tag="720" ind1=" " ind2=" ">
<subfield code="a">Sanz Díez, Mª Teresa</subfield>
<subfield code="e">author</subfield>
</datafield>
<datafield tag="720" ind1=" " ind2=" ">
<subfield code="a">Beltrán Calvo, Sagrario</subfield>
<subfield code="e">author</subfield>
</datafield>
<datafield tag="260" ind1=" " ind2=" ">
<subfield code="c">2024-04</subfield>
</datafield>
<datafield tag="520" ind1=" " ind2=" ">
<subfield code="a">La industria agroalimentaria genera una cantidad significativa de residuos que pueden causar problemas ambientales. Por ejemplo, el procesamiento industrial de la cebolla y la extracción de agar del alga roja Gelidium sesquipedale producen grandes cantidades de residuos que se acumulan o se utilizan como alimento para animales o fertilizantes [1,2]. Este estudio busca valorizar estos residuos mediante la tecnología de extracción con agua subcrítica para evaluar la composición química de los extractos y su actividad biológica, con el fin de desarrollar componentes con posibles efectos beneficiosos para la salud.&#xd;
&#xd;
Utilizando agua subcrítica (145°C, 50 bar, 50 min), se obtuvo un extracto rico en compuestos fenólicos, además de azúcares, proteínas y aminoácidos a partir del residuo de piel de cebolla. Este extracto mostró una potente actividad antioxidante y capacidad para inhibir enzimas clave en el metabolismo de los carbohidratos, como la α-glucosidasa y la aldosa-reductasa, demostrando su potencial anti-diabético en enzimas puras y en células humanas [1]. Del mismo modo, utilizando agua subcrítica (175°C, 50 bar, 130 min) se obtuvo un extracto rico en compuestos bioactivos a partir del residuo del alga G. sesquipedale generado tras la extracción industrial del agar [3]. Este extracto también mostró una fuerte actividad antioxidante y anti-inflamatoria y, aunque en menor medida, fue capaz de inhibir la actividad de enzimas asociadas con trastornos como la hiperuricemia, hiperpigmentación, y enfermedades neurodegenerativas. Estos resultados destacan el potencial de estos residuos, hasta ahora poco aprovechados a nivel industrial, para la formulación de alimentos funcionales o nutracéuticos dirigidos a diversas patologías.</subfield>
</datafield>
<datafield tag="024" ind2=" " ind1="8">
<subfield code="a">http://hdl.handle.net/10259/9188</subfield>
</datafield>
<datafield tag="245" ind1="0" ind2="0">
<subfield code="a">Valorización de residuos agroalimentarios a través de extracción con agua subcrítica: análisis de composición química y actividad biológica</subfield>
</datafield>
</record></metadata></record></GetRecord></OAI-PMH>